000 00276nam a2200109Ia 4500
008 190216s9999||||xx |||||||||||||| ||und||
100 _aSundaram K P M &sundaram E M
245 0 _aEconomic Analysis
260 _bSulthan Chand&Sons
_c1992
650 _aEconomics
942 _cBK
999 _c9868
_d9868